书目信息 |
| 题名: |
教师如何远离亚健康
|
|
| 作者: | 姜春福 编著 | |
| 分册: | ||
| 出版信息: | 北京 北京教育出版社 2020.01 |
|
| 页数: | 245页 | |
| 开本: | 23cm | |
| 丛书名: | 名校名师丛书 | |
| 单 册: | ||
| 中图分类: | G478.2 | |
| 科图分类: | ||
| 主题词: | 教师--保健--研究 | |
| 电子资源: | ||
| ISBN: | 978-7-5704-0409-4 | |
| 000 | 01313oam2 2200253 450 | |
| 001 | 0102100426 | |
| 005 | 20210402100822.0 | |
| 010 | @a978-7-5704-0409-4@dCNY46.00 | |
| 100 | @a20210220d2020 em y0chiy50 ea | |
| 101 | 0 | @achi |
| 102 | @aCN@b110000 | |
| 105 | @aa z 000yy | |
| 106 | @ar | |
| 200 | 1 | @a教师如何远离亚健康@Ajiao shi ru he yuan li ya jian kang@f姜春福编著 |
| 210 | @a北京@c北京教育出版社@d2020.01 | |
| 215 | @a245页@c图, 照片@d23cm | |
| 225 | 2 | @a名校名师丛书 |
| 330 | @a会享受生活教师,就要把自己看成是一个有血有肉、有情有义的人!就不会看作只是凄苦燃烧、耗尽最后一滴泪的蜡烛;就不会看作只是蠕动着躯壳、痛楚地抽完最后一根丝的春蚕,就会追求快乐的教育,就会享受教育的快乐!会享受生活就能还给学生真实的生活,才能培养学生“面对一丛野菊花而怦然心动的情怀”。就会呵护孩子的情感,就能关爱孩子的生命。你关注的目光才会在孩子的心灵升起灿烂的太阳!美好的生活属于每个人。老师,用你的热情、用你的快乐亲切地拥抱生活吧!让我们一起走近健康!本书针对亚健康产生的原因和出现亚健康状态后如何积极的预防和治疗提出了一些切实有效的建议和对策,具体阐述了教师如何通过运动、饮食、医疗和心理等知识去面对亚健康。 | |
| 461 | 0 | @12001 @a名校名师丛书 |
| 606 | 0 | @a教师@x保健@x研究 |
| 690 | @aG478.2@v5 | |
| 701 | 0 | @a姜春福@Ajiang chun fu@4编著 |
| 801 | 0 | @aCN@bBJSZM@c20210402 |
| 905 | @b1276590-4@dG478.2@e279@f5 | |
| 教师如何远离亚健康/姜春福编著.-北京:北京教育出版社,2020.01 |
| 245页:图, 照片;23cm.-(名校名师丛书) |
| ISBN 978-7-5704-0409-4:CNY46.00 |
| 会享受生活教师,就要把自己看成是一个有血有肉、有情有义的人!就不会看作只是凄苦燃烧、耗尽最后一滴泪的蜡烛;就不会看作只是蠕动着躯壳、痛楚地抽完最后一根丝的春蚕,就会追求快乐的教育,就会享受教育的快乐!会享受生活就能还给学生真实的生活,才能培养学生“面对一丛野菊花而怦然心动的情怀”。就会呵护孩子的情感,就能关爱孩子的生命。你关注的目光才会在孩子的心灵升起灿烂的太阳!美好的生活属于每个人。老师,用你的热情、用你的快乐亲切地拥抱生活吧!让我们一起走近健康!本书针对亚健康产生的原因和出现亚健康状态后如何积极的预防和治疗提出了一些切实有效的建议和对策,具体阐述了教师如何通过运动、饮食、医疗和心理等知识去面对亚健康。 |
| ● |
| 相关链接 |
|
|
|
|
正题名:教师如何远离亚健康
索取号:G478.2/279
 
预约/预借
| 序号 | 登录号 | 条形码 | 馆藏地/架位号 | 状态 | 备注 |
| 1 | 1276590 | 212765907 | 第一样本阅览室/ [索取号:G478.2/279] | 在馆 | |
| 2 | 1276591 | 212765916 | 教育系资料室/ [索取号:G478.2/279] | 在馆 | |
| 3 | 1276592 | 212765925 | 教育系资料室/ [索取号:G478.2/279] | 在馆 | |
| 4 | 1276593 | 212765934 | 第四借阅区/ [索取号:G478.2/279] | 在馆 | |
| 5 | 1276594 | 212765943 | 第四借阅区/ [索取号:G478.2/279] | 在馆 |